LEADER 00888nam0 2200289 450 001 000009936 005 20180703145540.0 100 $a20080416d1967----km-y0itay50------ba 101 0 $ager 102 $aDE 105 $aa-------001yy 200 1 $aDieselmotorenbetrieb$fMau, Schliekau 205 $a2. Auf. 210 $aFlensburg$c[s. n.]$d1967 215 $a124 p.$cill.$d30 cm 225 2 $aHandbuchreihe Schiffsbetriebstechnik$v4 410 0$12001$aHandbuchreihe Schiffsbetriebstechnik 610 1 $aMotori marini 676 $a623.87$v18 700 1$aMau,$bGünter$0630935 701 1$aSchliekau$0630936 712 02$aGesellschaft der Freunde und Förderer der Schiffsingenieurschule Flensburg 801 0$aIT$bUNIPARTHENOPE$c20080416$gRICA$2UNIMARC 912 $a000009936 951 $a623.87/106$b16521$cPIST 996 $aDieselmotorenbetrieb$91205090 997 $aUNIPARTHENOPE